Online
Catalog

Árbol del mundo : (Record no. 18460)

MARC details
000 -CABECERA
campo de control de longitud fija 01178nam a2200337 i 4500
001 - NÚMERO DE CONTROL
campo de control 000018942
003 - IDENTIFICADOR DEL NÚMERO DE CONTROL
campo de control DO-SdBNP
005 - FECHA Y HORA DE LA ÚLTIMA TRANSACCIÓN
campo de control 20240826114132.0
007 - CAMPO FIJO DE DESCRIPCIÓN FÍSICA--INFORMACIÓN GENERAL
campo de control de longitud fija ta
008 - DATOS DE LONGITUD FIJA--INFORMACIÓN GENERAL
campo de control de longitud fija 100521s2002 cu a 001 0 spa d
020 ## - NÚMERO INTERNACIONAL ESTÁNDAR DEL LIBRO
Número Internacional Estándar del Libro 9592600554
040 ## - FUENTE DE LA CATALOGACIÓN
Centro catalogador/agencia de origen DO-SdBNP
Lengua de catalogación spa
Centro/agencia transcriptor BNPHU
Normas de descripción rda
041 ## - CÓDIGO DE LENGUA
Código de lengua del texto/banda sonora o título independiente spa
082 #4 - NÚMERO DE LA CLASIFICACIÓN DECIMAL DEWEY
Número de clasificación 201.303
Número de documento/Ítem T675a
Número de edición 22
100 1# - ENTRADA PRINCIPAL--NOMBRE DE PERSONA
Nombre de persona Toporov, Vladimir N.,
Término indicativo de función/relación autor
9 (RLIN) 40759
245 10 - MENCIÓN DE TÍTULO
Título Árbol del mundo :
Resto del título diccionario de imágenes, símbolos y términos mitológicos /
Mención de responsabilidad, etc. Vladimir N. Toporov, Viacheslav V. Ivanov, Eleazar M. Meletinski.
264 #4 - PRODUCCIÓN, PUBLICACIÓN, DISTRIBUCIÓN, FABRICACIÓN Y COPYRIGHT
Producción, publicación, distribución, fabricación y copyright La Habana, Cuba :
Nombre del de productor, editor, distribuidor, fabricante Casa de las Américas / UNEAC,
Fecha de producción, publicación, distribución, fabricación o copyright ©2002.
300 ## - DESCRIPCIÓN FÍSICA
Extensión xvi, 477 páginas :
Otras características físicas ilustraciones ;
Dimensiones 22 cm.
336 ## - TIPO DE CONTENIDO
Fuente rdacontent
Término de tipo de contenido texto
Código de tipo de contenido txt
337 ## - TIPO DE MEDIO
Fuente rdamedia
Nombre/término del tipo de medio sin mediación
Código del tipo de medio n
338 ## - TIPO DE SOPORTE
Fuente rdacarrier
Nombre/término del tipo de soporte volumen
Código del tipo de soporte nc
490 0# - MENCIÓN DE SERIE
Mención de serie Criterios
500 ## - NOTA GENERAL
Nota general Incluye índice
504 ## - NOTA DE BIBLIOGRAFÍA, ETC.
Nota de bibliografía, etc. Bibliografía: p. xv-xvi
590 ## - NOTA LOCAL (RLIN)
Nota local Inventariados, 2024/DG
650 #4 - PUNTO DE ACCESO ADICIONAL DE MATERIA--TÉRMINO DE MATERIA
Término de materia o nombre geográfico como elemento de entrada Mitología
Subdivisión de forma Diccionarios
Subdivisión general Español
9 (RLIN) 40760
700 1# - PUNTO DE ACCESO ADICIONAL--NOMBRE DE PERSONA
Nombre de persona Ivanov, Viacheslav V.,
Término indicativo de función/relación autor
9 (RLIN) 40761
700 1# - PUNTO DE ACCESO ADICIONAL--NOMBRE DE PERSONA
Nombre de persona Meletinski, Eleazar M.,
Término indicativo de función/relación autor
9 (RLIN) 40762
910 ## - DATOS DE OPCIÓN DEL USUARIO (OCLC)
Datos de opción del usuario DG. Validado. Control de Calidad/MAA
942 ## - ELEMENTOS DE PUNTO DE ACCESO ADICIONAL (KOHA)
Fuente del sistema de clasificación o colocación Dewey Decimal Classification
Tipo de ítem Koha Libro
Holdings
Estado de retiro Estado de pérdida Fuente del sistema de clasificación o colocación Restricciones de uso No para préstamo Código de colección Localización permanente Ubicación/localización actual Ubicación en estantería Fecha de adquisición Total de préstamos Signatura topográfica completa Código de barras Fecha visto por última vez Precio válido a partir de Tipo de ítem Koha Número de copia
    Dewey Decimal Classification Préstamo en sala   Referencia General Biblioteca Nacional Pedro Henríquez Ureña Biblioteca Nacional Pedro Henríquez Ureña Depósito 21.05.2010   BNPHU R-GR 201.303 T675a 18942-10 25.06.2020 25.06.2020 Libro  
    Dewey Decimal Classification Préstamo en sala   Referencia General Biblioteca Nacional Pedro Henríquez Ureña Biblioteca Nacional Pedro Henríquez Ureña Depósito 21.05.2010   BNPHU R-GR 201.303 T675a 18942-20 25.06.2020 25.06.2020 Libro e. 2
    Dewey Decimal Classification Préstamo en sala   Referencia General Biblioteca Nacional Pedro Henríquez Ureña Biblioteca Nacional Pedro Henríquez Ureña Depósito 21.05.2010   BNPHU R-GR 201.303 T675a 18942-30 25.06.2020 25.06.2020 Libro e. 3

Powered by Koha